IDFR Lecture series on international affairs 1994-1995.
| Format: | Book |
|---|---|
| Published: |
Kuala Lumpur:
IDFR,
1994.
|
| Subjects: |
| LEADER | 00373cam a2200121 7i4500 | ||
|---|---|---|---|
| 001 | 0000013204 | ||
| 005 | 20040114090000.0 | ||
| 090 | 0 | 0 | |a B 303.482 |b INS |
| 245 | 0 | 0 | |a IDFR Lecture series on international affairs 1994-1995. |
| 260 | 0 | 0 | |a Kuala Lumpur: |b IDFR, |c 1994. |
| 300 | # | # | |a 53 p. |
| 650 | 0 | 0 | |a International relations -- |x Speeches |
| 999 | |a 0000008247 |b Book |c Book |e Business Information Centre | ||